|
|
|
|
| LEADER |
00714nab a2200217 i 4500 |
| 001 |
acta8317 |
| 005 |
20250617124955.0 |
| 008 |
161015s1992 hu o 000 hun d |
| 022 |
|
|
|a 0866-0980
|
| 040 |
|
|
|a SZTE Egyetemi Kiadványok Repozitórium
|b hun
|
| 041 |
|
|
|a hun
|
| 100 |
1 |
|
|a Horváth Ottó
|
| 245 |
1 |
0 |
|a Lakótelepi vasbeton-rózsa ; Észak megörökölt felhője
|h [elektronikus dokumentum] :
|b [versek] /
|c Horváth Ottó
|
| 260 |
|
|
|c 1992
|
| 300 |
|
|
|a 24-25
|
| 490 |
0 |
|
|a Hétvilág
|
| 650 |
|
4 |
|a Bölcsészettudományok
|
| 650 |
|
4 |
|a Nyelvek és irodalom
|
| 695 |
|
|
|a Szerb irodalom - vers
|
| 700 |
0 |
1 |
|a Bozsik Péter
|
| 856 |
4 |
0 |
|u http://acta.bibl.u-szeged.hu/8317/1/hetvilag_5_024-025.pdf
|z Dokumentum-elérés
|